000 00509nam a2200205Ia 4500
003 OSt
005 20260619161818.0
008 210210b1978 xxu||||| |||| 00| 0 eng d
020 _a0883869071
040 _cAL
041 _aeng
082 _a306.8 NAIM
100 _aNair, P T
_9265827
245 _aMarriage and dowry in India
260 _aCalcutta
_bMinerva Associates Publications Pvt Ltd
_c1978
300 _ax,205p
690 _aMarriage & Family
_9265828
906 _aD00801
942 _2ddc
_cDB
999 _c109566
_d109566